00324nam a22001097a 450000500170000000800410001708200120005810000160007024500840008626000360017065000080020620210305100734.0210305b ||||| |||| 00| 0 eng d a346.066 aAIYAR, A.N. aREPORTS OF COMPANY CASES: INCLUDING CASES ON BANKING AND INSURENCE [VOL- I ]  aLAHOREbTHE COMPANY CASESc1931 aLAW